000 00296nam a22001337a 4500
999 _c55013
_d55013
008 200204b ||||| |||| 00| 0 eng d
041 _aeng
080 _2043.3
_a043.3
082 _a043.3
100 _a0
101 _aBTH
245 _aDiabeti te Gratë Shtatzëna
_cEtemi,E
942 _2udc
_cBK